Loading...
| Current Events | 4 | 0 | 0 | 0 | 60 | 19 | 39.00 | 3 | 4 | 0.00 | 0.00 |
| Religion | 1 | 1 | 0 | 0 | 25 | 64 | 71.00 | 1 | 2 | 0.00 | 0.00 |
| Fine Arts - Painting and Sculpture | 1 | 1 | 0 | 1 | 25 | 58 | 106.50 | 1 | 1 | 0.00 | 0.00 |
| Geography | 1 | 1 | 2 | 0 | 15 | 52 | 81.50 | 0 | 0 | 0.00 | 0.00 |
| Other Academic | 1 | 0 | 0 | 0 | 15 | 79 | 79.00 | 1 | 1 | 0.00 | 0.00 |
| Social Science | 0 | 1 | 0 | 1 | 10 | 133 | 133.00 | 0 | 0 | 0.00 | 0.00 |
| History - World | 0 | 1 | 0 | 1 | 10 | 149 | 149.00 | 0 | 0 | 0.00 | 0.00 |
| Literature - Poetry | 0 | 1 | 0 | 0 | 10 | 122 | 122.00 | 0 | 0 | 0.00 | 0.00 |
| Mythology | 0 | 1 | 0 | 1 | 10 | 145 | 145.00 | 0 | 0 | 0.00 | 0.00 |
| Science - Biology | 0 | 1 | 0 | 0 | 10 | 98 | 98.00 | 0 | 1 | 0.00 | 0.00 |
| History - American | 0 | 0 | 1 | 0 | -5 | 0.00 | 0 | 0 | 0.00 | 0.00 | |
| Science - Physics | 0 | 0 | 2 | 0 | -10 | 0.00 | 0 | 0 | 0.00 | 0.00 |